| 000 | 01851nam0a2200421 4500 | ||
|---|---|---|---|
| 001 | RU\NLR\bibl\1227200 | ||
| 005 | 20250615113116.0 | ||
| 010 |
_a978-5-98100-100-0 _9500 |
||
| 021 |
_aRU _b2008-20897 _91145 |
||
| 035 | _a(NLR Aleph) 001213502 | ||
| 090 |
_a93164 _c93164 |
||
| 100 | _a20080404d2007 |||y0rusy50 ca | ||
| 101 | 0 | _arus | |
| 102 | _aRU | ||
| 105 | _aa dm ||||| | ||
| 200 | 1 |
_aПрофилактика и мониторинг зобной эндемии _fЛ. А. Суплотова, Е. Ф. Туровинина, Г. В. Шарухо _gГос. образоват. учреждение высш. проф. образования Тюмен. гос. мед. акад. М-ва здравоохранения РФ |
|
| 210 |
_aТюмень _cСити-пресс _d2007 |
||
| 215 |
_a151 с. _cил. _d20 |
||
| 320 | _aБиблиогр.: с. 93-107 (296 назв.) | ||
| 541 | 0 | _aPrevention and monitoring of goiter endemia | |
| 606 | 1 |
_aЭндемический зоб _yСибирь Западная _92521783 _3RU\NLR\auth\661494285 |
|
| 606 | 1 |
_aЭндемический зоб _xПрофилактика _92027399 _3RU\NLR\auth\661218107 |
|
| 675 |
_a616.441-036.21-084 _vudc |
||
| 686 |
_a76.29.37 _2rugasnti |
||
| 686 |
_a76.33.43 _2rugasnti |
||
| 686 |
_aC19.874.283.300 - профилактика и контроль _2MeSH |
||
| 686 | _aР415.120.265-8 | ||
| 686 | _aР11(2)09(2Р53) | ||
| 700 | 1 |
_aСуплотова _bЛ. А. _gЛюдмила Александровна _4070 |
|
| 701 | 1 |
_aТуровинина _bЕ. Ф. _gЕлена Фаридовна _4070 |
|
| 701 | 1 |
_aШарухо _bГ. В. _gГалина Васильевна _4070 |
|
| 801 | 0 |
_aRU _bЦНМБ _c20080404 _gPSBO |
|
| 801 | 1 |
_aRU _bЦНМБ _c20080404 |
|
| 801 | 2 |
_aRU _bNLR _c20080515 _grcr |
|
| 942 | _cBOOK | ||
| 980 | _aNB | ||
| 980 | _aNBR | ||